00954nam a2200217 a 450000100100000000500170001000800410002704000250006808200170009311000200011024000180013024502240014826000550037230000170042750000330044465100350047770000550051291000370056795201150060499900170071900003414020200930070816.0110926s1798 sp 000 0 spa d aDO-SdBNPbspacBNPHU a349.46bE77t2 aEspaña.9452410a[Leyes, etc.]10aTeatro de la legislación universal de España e Indias, por orden cronológico de sus cuerpos, y decisiones no recopiladas, y alfabético de sus títulos y principales materias /cAntonio Xavier Pérez y López. aMadrid :bImprenta de Don Antonio Espinosa,c1798. av. ;c23 cm. aLa biblioteca posee el v. 26 4aEspañaxLegislación95955712aPerez y López, Antonio Xavier,d1736-1792959558 aValidado. Control de calidad MFF 001050718RVaGRbGRcHDd2011-09-26iLF1l0o349.46 E77tp34140-10r2020-06-25w2020-06-25y1ZNo se presta c33631d33631